Alle Länder und Hauptstädte der Welt - Statistiken

Allgemein
  • Dieses Quiz wurde 6.521 mal gespielt
  • Das Durchschnittsergebnis liegt bei 268 aus 392
Antworten auf der Karte
Die Antworten werden auf der Karte rot bzw. grün angezeigt, abhängig davon wie oft sie richtig erraten wurden.
 
Antwortstatistiken
Antworten % Korrekt
Vereinigte Staaten
91%
Kanada
90%
Mexiko
90%
Mexiko-Stadt
90%
Berlin
89%
Deutschland
89%
Brasilien
88%
Frankreich
88%
Island
88%
Paris
88%
Russland
88%
Washington D.C.
88%
Finnland
87%
Irland
87%
Italien
87%
London
87%
Madrid
87%
Portugal
87%
Schweden
87%
Spanien
87%
Vereinigtes Königreich
87%
Argentinien
86%
Belgien
86%
China
86%
Dänemark
86%
Lissabon
86%
Moskau
86%
Norwegen
86%
Österreich
86%
Polen
86%
Schweiz
86%
Ukraine
86%
Amsterdam
85%
Andorra
85%
Athen
85%
Australien
85%
Belarus
85%
Bern
85%
Brüssel
85%
Chile
85%
Dublin
85%
Estland
85%
Griechenland
85%
Indien
85%
Japan
85%
Lettland
85%
Litauen
85%
Luxemburg
85%
Niederlande
85%
Oslo
85%
Peru
85%
Rom
85%
Tschechien
85%
Türkei
85%
Warschau
85%
Wien
85%
Ägypten
84%
Albanien
84%
Bulgarien
84%
Helsinki
84%
Kopenhagen
84%
Kroatien
84%
Monaco
84%
Rumänien
84%
Stockholm
84%
Ungarn
84%
Vatikanstadt
84%
Brasília
83%
Irak
83%
Iran
83%
Kiew
83%
Kolumbien
83%
Kuba
83%
Nordkorea
83%
Prag
83%
Slowakei
83%
Südkorea
83%
Uruguay
83%
Bolivien
82%
Bosnien und Herzegovina
82%
Budapest
82%
Liechtenstein
82%
Malta
82%
Marokko
82%
Mongolei
82%
Neuseeland
82%
Ottawa
82%
Panama
82%
Panama-Stadt
82%
San Marino
82%
Saudi-Arabien
82%
Serbien
82%
Slowenien
82%
Südafrika
82%
Tokio
82%
Venezuela
82%
Afghanistan
81%
Algerien
81%
Ankara
81%
Indonesien
81%
Israel
81%
Kasachstan
81%
Kosovo
81%
Paraguay
81%
Peking
81%
Reykjavík
81%
Thailand
81%
Tunesien
81%
Bukarest
80%
Ecuador
80%
Jemen
80%
Madagaskar
80%
Moldawien
80%
Niger
80%
Nordmazedonien
80%
Vietnam
80%
Zypern
80%
Aserbaidschan
79%
Kairo
79%
Kongo (Dem. Rep.)
79%
Kongo (Rep.)
79%
Oman
79%
Pakistan
79%
Philippinen
79%
Sofia
79%
Syrien
79%
Zagreb
79%
Bahamas
78%
Canberra
78%
Georgien
78%
Honduras
78%
Jordanien
78%
Libyen
78%
Minsk
78%
Montenegro
78%
Nepal
78%
Neu-Delhi
78%
Nigeria
78%
Riga
78%
Seoul
78%
Sudan
78%
Usbekistan
78%
Armenien
77%
Bangladesch
77%
Buenos Aires
77%
Costa Rica
77%
Guatemala
77%
Guatemala-Stadt
77%
Guyana
77%
Haiti
77%
Jamaika
77%
Katar
77%
Kirgisistan
77%
Laos
77%
Malaysia
77%
Malé
77%
Mali
77%
Sri Lanka
77%
Suriname
77%
Turkmenistan
77%
Vereinigte Arabische Emirate
77%
Äthiopien
76%
Ghana
76%
Kambodscha
76%
Kenia
76%
Namibia
76%
Nicaragua
76%
Papua-Neuguinea
76%
Singapur
76%
Somalia
76%
Südsudan
76%
Taiwan
76%
Tallinn
76%
Angola
75%
Belize
75%
Dominikanische Republik
75%
Elfenbeinküste
75%
El Salvador
75%
Libanon
75%
Malediven
75%
Myanmar
75%
Senegal
75%
Tadschikistan
75%
Vaduz
75%
Bhutan
74%
Jerusalem
74%
Kuwait
74%
Kuwait-Stadt
74%
Lima
74%
Tirana
74%
Togo
74%
Tschad
74%
Uganda
74%
Belgrad
73%
Eritrea
73%
Fidschi
73%
Guinea
73%
Kamerun
73%
Tansania
73%
Vilnius
73%
Zentralafrikanische Republik
73%
Algier
72%
Andorra la Vella
72%
Bahrain
72%
Botswana
72%
Bratislava
72%
Kap Verde
72%
Mauretanien
72%
Pretoria, Kapstadt oder Bloemfontein
72%
Santiago
72%
Sarajevo
72%
Trinidad und Tobago
72%
Tunis
72%
Valletta
72%
Bangkok
71%
Benin
71%
Dschibuti
71%
Havanna
71%
Ljubljana
71%
Mosambik
71%
Ruanda
71%
Sambia
71%
Seychellen
71%
Simbabwe
71%
St. Lucia
71%
Äquatorial-Guinea
70%
Barbados
70%
Burkina Faso
70%
Gambia
70%
Guinea-Bissau
70%
Lesotho
70%
Liberia
70%
Mikronesien
70%
Osttimor
70%
Brunei
69%
Dominica
69%
Gabun
69%
Malawi
69%
Montevideo
69%
St. Vincent und die Grenadinen
69%
Teheran
69%
Antigua und Barbuda
68%
Bogotá
68%
Burundi
68%
Eswatini
68%
Jakarta
68%
Kabul
68%
Kiribati
68%
Mauritius
68%
Palau
68%
Pjöngjang
68%
St. Kitts und Nevis
68%
Tuvalu
68%
Wellington
68%
Abu Dhabi
67%
Bagdad
67%
Marshallinseln
67%
Nauru
67%
Samoa
67%
São Tomé
67%
São Tomé und Príncipe
67%
Sierra Leone
67%
Skopje
67%
Tonga
67%
Vanuatu
67%
Chișinău
66%
Grenada
66%
Komoren
66%
Priština
66%
Riad
66%
Salomonen
66%
Baku
65%
Damaskus
65%
Hanoi
65%
Nikosia
65%
Quito
65%
Rabat
65%
Taipeh
65%
Caracas
64%
La Paz oder Sucre
64%
Manila
64%
Islamabad
63%
Kingston
63%
Kingstown
63%
Doha
62%
Podgorica
62%
San Salvador
62%
Tiflis
62%
Ulaanbaatar
62%
Beirut
61%
Kuala Lumpur
61%
Nur-Sultan
61%
Nairobi
60%
Dhaka
59%
Georgetown
57%
Dakar
56%
Jerewan
56%
Port-au-Prince
56%
Tripolis
56%
Addis Abeba
55%
Amman
55%
Asunción
55%
Kathmandu
55%
Nassau
54%
Sanaa
54%
Maskat
53%
Windhoek
53%
Santo Domingo
52%
Taschkent
51%
Accra
50%
Bischkek
50%
Bissau
50%
Freetown
50%
Manama
50%
Port-of-Spain
50%
San José
50%
Mogadischu
49%
Phnom Penh
49%
Dili
48%
Luanda
48%
Paramaribo
48%
Aşgabat
46%
Kinshasa
46%
Victoria
46%
Antananarivo
45%
Belmopan
45%
Duschanbe
45%
Managua
45%
Khartum
43%
Lomé
43%
Thimphu
43%
Abuja
42%
Brazzaville
42%
Bridgetown
41%
Port Moresby
41%
Sri Jayawardenepura Kotte
41%
Vientiane
41%
Kampala
40%
Saint George's
40%
Tegucigalpa
40%
Bamako
39%
Juba
39%
Niamey
39%
Ouagadougou
39%
Porto-Novo oder Cotonou
39%
Saint John's
39%
Kigali
38%
Libreville
38%
Basseterre
37%
Dodoma
37%
Harare
37%
Jaunde
37%
Monrovia
37%
Port Louis
37%
Roseau
37%
Suva
37%
Asmara
36%
Lusaka
36%
Maputo
36%
Bandar Seri Begawan
35%
Praia
35%
Bangui
34%
Castries
34%
Gaborone
34%
Yamoussoukro
34%
Apia
33%
Banjul
33%
Port Vila
33%
Conakry
32%
Lilongwe
32%
N'Djamena
32%
Funafuti
31%
Gitega
31%
Malabo
31%
Moroni
31%
Naypyidaw
31%
Nouakchott
31%
Maseru
30%
Yaren
30%
Mbabane
29%
South Tarawa
27%
Palikir
26%
Honiara
25%
Majuro
24%
Nukuʻalofa
24%
Ngerulmud
23%
Keine übereinstimmenden Quizze gefunden
Verteilung der Resultate
Anzahl Personen mit jedem Resultat
Perzentil nach korrekt beantworteten Fragen
Ihre Resultats-Entwicklung
Sie haben dieses Quiz noch nicht gespielt